[Event "MCRE_SF04"]
[Site "?"]
[Date "2005.??.??"]
[Round "?"]
[White "Blecha, Miroslav"]
[Black "Kohler, Josef"]
[Result "1/2-1/2"]
[WhiteElo "2200"]
[BlackElo "2180"]
[PlyCount "66"]
[EventDate "2005.??.??"]
[EventType "corr"]
[EventRounds "2"]
[SourceDate "2005.10.20"]

1. e4 c5 2. Nf3 d6 3. d4 cxd4 4. Nxd4 Nf6 5. Nc3 a6 6. Be3 e6 7. g4 h6 8. Bg2
Nc6 9. h3 Bd7 10. f4 Rc8 11. O-O Na5 12. Qf3 Nc4 13. e5 dxe5 14. fxe5 Nxe5 15.
Qxb7 Bc5 16. Qxa6 Nexg4 17. hxg4 Nxg4 18. Qe2 Nxe3 19. Qxe3 Qg5 20. Qf2 Bc6 21.
Qxf7+ Kd8 22. Qf2 Qxg2+ 23. Qxg2 Bxd4+ 24. Qf2 Bxf2+ 25. Rxf2 Ke7 26. Re1 Rb8
27. Rfe2 Rxb2 28. Rxe6+ Kd7 29. Re7+ Kd8 30. Rxg7 Rxc2 31. Ne4 Bxe4 32. Rxe4
Re8 33. Rxe8+ Kxe8 1/2-1/2

[Event "MCRE_SF04"]
[Site "?"]
[Date "2005.??.??"]
[Round "?"]
[White "Kubikova, Hana"]
[Black "Hrdy, Roman"]
[Result "1/2-1/2"]
[WhiteElo "2182"]
[BlackElo "2224"]
[PlyCount "62"]
[EventDate "2005.??.??"]
[EventType "corr"]
[EventRounds "2"]
[SourceDate "2005.10.20"]

1. d4 f5 2. Nf3 Nf6 3. c4 e6 4. g3 d5 5. Bg2 c6 6. O-O Bd6 7. b3 Qe7 8. Bb2 O-O
9. Nbd2 b6 10. Ne5 Bb7 11. Rc1 a5 12. Ndf3 Ne4 13. e3 Nd7 14. Nxd7 Qxd7 15. Ne5
Qe7 16. cxd5 cxd5 17. f3 Nf6 18. Rf2 Rfc8 19. Rfc2 Rxc2 20. Rxc2 Nd7 21. f4 Nf6
22. Qc1 Ne4 23. Bf1 Qe8 24. Ba3 Rc8 25. Rxc8 Qxc8 26. Qxc8+ Bxc8 27. Bxd6 Nxd6
28. Bd3 Nf7 29. Nxf7 Kxf7 30. a3 Bd7 31. h3 b5 1/2-1/2

[Event "MCRE_SF04"]
[Site "?"]
[Date "2005.??.??"]
[Round "?"]
[White "Janocko, Petr"]
[Black "Splichal, Josef"]
[Result "1/2-1/2"]
[WhiteElo "2200"]
[BlackElo "2261"]
[PlyCount "87"]
[EventDate "2005.??.??"]
[EventType "corr"]
[EventRounds "2"]
[SourceDate "2005.10.20"]

1. e4 e5 2. Nf3 Nc6 3. Bb5 Nf6 4. O-O Nxe4 5. d4 Nd6 6. Bxc6 dxc6 7. dxe5 Nf5
8. Qxd8+ Kxd8 9. Nc3 Bd7 10. Rd1 Ke8 11. h3 Rd8 12. Bg5 Be7 13. Ne4 Bxg5 14.
Nexg5 h6 15. Ne4 b6 16. b4 Be6 17. a4 Rxd1+ 18. Rxd1 Bd5 19. Ned2 Kd7 20. c4
Be6 21. g4 Ne7 22. Nd4 Ng6 23. Nxe6 Kxe6 24. Nf3 Nxe5 25. Re1 f6 26. Nxe5 fxe5
27. f4 Rd8 28. Rxe5+ Kf7 29. Rf5+ Kg8 30. Re5 Rd4 31. Re8+ Kh7 32. f5 Rxc4 33.
Re7 Rxb4 34. a5 Ra4 35. Rxc7 Rxa5 36. f6 Kg8 37. Rxg7+ Kf8 38. h4 Ra4 39. Kg2
Rf4 40. g5 Rxh4 41. g6 h5 42. Rf7+ Kg8 43. Rg7+ Kf8 44. Rf7+ 1/2-1/2

[Event "MCRE_SF04"]
[Site "?"]
[Date "2005.??.??"]
[Round "?"]
[White "Splichal, Josef"]
[Black "Hrdy, Roman"]
[Result "1/2-1/2"]
[WhiteElo "2261"]
[BlackElo "2224"]
[PlyCount "96"]
[EventDate "2005.??.??"]
[EventType "corr"]
[EventRounds "2"]
[SourceDate "2005.10.20"]

1. e4 c5 2. b3 Nc6 3. Bb2 e5 4. Bc4 Nf6 5. Nc3 d6 6. Nge2 a6 7. a4 g6 8. O-O
Bg7 9. d3 O-O 10. Bc1 Be6 11. Bg5 h6 12. Bd2 d5 13. exd5 Nxd5 14. Nxd5 Bxd5 15.
Nc3 Bxc4 16. bxc4 f5 17. Nd5 Ne7 18. Ba5 Qd6 19. Nxe7+ Qxe7 20. Rb1 Rae8 21.
Bc3 e4 22. Bxg7 Kxg7 23. Re1 Rf7 24. a5 Qf6 25. Rb3 Ree7 26. Qb1 Qd4 27. Kf1
Kg8 28. Rb6 Kh7 29. Qa1 Qd7 30. Qc3 exd3 31. Rxe7 Rxe7 32. cxd3 Re6 33. Rxe6
Qxe6 34. h4 h5 35. Qb2 Qd7 36. Kg1 Qg7 37. Qb6 Qa1+ 38. Kh2 Qd4 39. Qxb7+ Kh6
40. Qb8 Qxh4+ 41. Kg1 Qd4 42. Qf8+ Kg5 43. Qe7+ Kh6 44. Qe3+ Qxe3 45. fxe3 h4
46. d4 Kg7 47. Kf2 Kf6 48. d5 Ke5 1/2-1/2

[Event "MCRE_SF04"]
[Site "?"]
[Date "2005.??.??"]
[Round "?"]
[White "Splichal, Josef"]
[Black "Kubikova, Hana"]
[Result "1/2-1/2"]
[WhiteElo "2261"]
[BlackElo "2182"]
[PlyCount "87"]
[EventDate "2005.??.??"]
[EventType "corr"]
[EventRounds "2"]
[SourceDate "2005.10.20"]

1. e4 c5 2. b3 Nc6 3. Bb2 e5 4. Bc4 d6 5. Nc3 g6 6. f4 Bg7 7. fxe5 Nxe5 8. Nf3
Nxc4 9. bxc4 Be6 10. Qe2 Ne7 11. O-O O-O 12. Rab1 Qd7 13. d3 Rae8 14. Nb5 Bxb2
15. Rxb2 Nc6 16. Qd2 f5 17. Ng5 Qg7 18. Rbb1 a6 19. Nxe6 Rxe6 20. Nc3 Qd4+ 21.
Kh1 Ref6 22. exf5 Rxf5 23. Rxf5 Rxf5 24. Ne4 Qe5 25. c3 Qe7 26. a4 Ne5 27. Qe2
Qc7 28. Kg1 Rf8 29. Re1 Rf5 30. d4 cxd4 31. cxd4 Nxc4 32. Ng5 Ne5 33. Qe3 Nd3
34. Qxd3 Rxg5 35. Re8+ Kf7 36. Qe3 Qd7 37. Rb8 Qe7 38. Qxe7+ Kxe7 39. Rxb7+ Ke6
40. Rxh7 Ra5 41. Rg7 Kf6 42. Rd7 Ke6 43. Rg7 Kf6 44. Rd7 1/2-1/2

[Event "MCRE_SF04"]
[Site "?"]
[Date "2005.??.??"]
[Round "?"]
[White "Splichal, Josef"]
[Black "Kohler, Josef"]
[Result "0-1"]
[WhiteElo "2226"]
[BlackElo "2180"]
[PlyCount "36"]
[EventDate "2005.??.??"]
[EventType "corr"]
[EventRounds "2"]
[SourceDate "2005.10.20"]

1. e4 c5 2. b3 Nc6 3. Bb2 d6 4. Nf3 e5 5. d4 cxd4 6. Bb5 Qa5+ 7. c3 Qxb5 8. Na3
Qa6 9. cxd4 f5 10. dxe5 dxe5 11. Nc4 fxe4 12. Nfd2 Nf6 13. O-O Bf5 14. Nxe5
Nxe5 15. Bxe5 Be7 16. Nc4 O-O 17. Qd2 Rad8 18. Qb2 Be6 0-1

[Event "MCRE_SF04"]
[Site "?"]
[Date "2005.??.??"]
[Round "?"]
[White "Splichal, Josef"]
[Black "Blecha, Miroslav"]
[Result "1-0"]
[WhiteElo "2261"]
[BlackElo "2200"]
[PlyCount "59"]
[EventDate "2005.??.??"]
[EventType "corr"]
[EventRounds "2"]
[SourceDate "2005.10.20"]

1. e4 c5 2. b3 Nc6 3. Bb2 a6 4. Nf3 d6 5. d4 cxd4 6. Nxd4 e5 7. Nxc6 bxc6 8.
Qd3 Nf6 9. Nd2 Be7 10. Be2 O-O 11. O-O Nd7 12. Rad1 Nc5 13. Qe3 f5 14. Nc4 Nxe4
15. Nxe5 Qe8 16. f3 Bg5 17. Qd3 Ng3 18. hxg3 dxe5 19. Rfe1 e4 20. fxe4 fxe4 21.
Qc4+ Be6 22. Qxe4 Bd5 23. Qxe8 Raxe8 24. Bd4 a5 25. c4 Bf7 26. Bc5 Be3+ 27.
Bxe3 Rxe3 28. Bf3 Rxe1+ 29. Rxe1 Rc8 30. Rd1 1-0

[Event "MCRE_SF04"]
[Site "?"]
[Date "2005.??.??"]
[Round "?"]
[White "Blecha, Miroslav"]
[Black "Hrdy, Roman"]
[Result "0-1"]
[WhiteElo "2200"]
[BlackElo "2224"]
[PlyCount "52"]
[EventDate "2005.??.??"]
[EventType "corr"]
[EventRounds "2"]
[SourceDate "2005.10.20"]

1. e4 c5 2. Nf3 d6 3. d4 cxd4 4. Nxd4 Nf6 5. Nc3 a6 6. Be3 e5 7. Nb3 Be6 8. f3
Nbd7 9. g4 b5 10. g5 b4 11. Ne2 Nh5 12. Qd2 g6 13. O-O-O a5 14. Kb1 a4 15. Nbc1
Be7 16. Ng3 Nf4 17. Qxb4 O-O 18. h4 Qc7 19. Bxf4 Rab8 20. Qd2 Qb7 21. b3 exf4
22. Qxf4 Ne5 23. Qe3 Rfc8 24. f4 axb3 25. axb3 Ng4 26. Qd4 Bxb3 0-1

[Event "MCRE_SF04"]
[Site "?"]
[Date "2005.??.??"]
[Round "?"]
[White "Kohler, Josef"]
[Black "Hrdy, Roman"]
[Result "1/2-1/2"]
[WhiteElo "2180"]
[BlackElo "2224"]
[PlyCount "90"]
[EventDate "2005.??.??"]
[EventType "corr"]
[EventRounds "2"]
[SourceDate "2005.10.20"]

1. c4 e5 2. Nc3 Nf6 3. Nf3 Nc6 4. g3 Nd4 5. Bg2 Nxf3+ 6. Bxf3 Bb4 7. Qb3 Bc5 8.
O-O O-O 9. d3 h6 10. Bd2 Re8 11. Rac1 c6 12. Rfd1 Bf8 13. Bg2 d6 14. Ne4 Nd7
15. Be3 Nc5 16. Nxc5 dxc5 17. Rb1 a5 18. a3 Bd6 19. Qc2 a4 20. b3 axb3 21. Qxb3
f5 22. Bd2 Bc7 23. Bc3 Qg5 24. a4 f4 25. Be4 Rf8 26. Rf1 Ba5 27. Bxa5 Rxa5 28.
Ra1 Ra6 29. a5 Qf6 30. Kg2 Rf7 31. Qa3 Qe7 32. Rfb1 Bf5 33. Bxf5 Rxf5 34. f3
Rf6 35. Qc1 Rf8 36. Rb6 Rfa8 37. Qb2 Rxb6 38. axb6 Rxa1 39. Qxa1 Qe8 40. Qg1
Qe7 41. Kh1 Qd6 42. gxf4 exf4 43. Qg4 Qe5 44. Qc8+ Kh7 45. Qxb7 Qxe2 1/2-1/2

[Event "MCRE_SF04"]
[Site "?"]
[Date "2005.??.??"]
[Round "?"]
[White "Jandovsky, Viktor"]
[Black "Kohler, Josef"]
[Result "1-0"]
[WhiteElo "2259"]
[BlackElo "2180"]
[PlyCount "77"]
[EventDate "2005.??.??"]
[EventType "corr"]
[EventRounds "2"]
[SourceDate "2005.10.20"]

1. e4 c5 2. Nf3 d6 3. d4 cxd4 4. Nxd4 Nf6 5. Nc3 a6 6. Bc4 e6 7. Bb3 b5 8. Bg5
Be7 9. Qf3 Qc7 10. O-O-O b4 11. e5 Bb7 12. exd6 Bxd6 13. Qh3 O-O 14. Bxf6 bxc3
15. Qg4 Bf4+ 16. Kb1 Bh6 17. Rhe1 Qf4 18. Qxf4 Bxf4 19. Be7 Bd2 20. Nxe6 Bxe1
21. Nxf8 Bxf2 22. Rf1 Nc6 23. Rxf2 Nxe7 24. Rxf7 Rd8 25. Nd7 Nd5 26. Re7 Bc6
27. bxc3 Kh8 28. Ne5 Nxe7 29. Nf7+ Kg8 30. Nxd8+ Kf8 31. Nxc6 Nxc6 32. Bc4 Nb8
33. Kb2 Ke7 34. Kb3 Kd6 35. Kb4 Nc6+ 36. Ka4 Kc5 37. Bxa6 h5 38. h4 Ne7 39. Bd3
1-0

[Event "MCRE_SF04"]
[Site "?"]
[Date "2005.??.??"]
[Round "?"]
[White "Kubikova, Hana"]
[Black "Splichal, Josef"]
[Result "1/2-1/2"]
[WhiteElo "2182"]
[BlackElo "2261"]
[PlyCount "108"]
[EventDate "2005.??.??"]
[EventType "corr"]
[EventRounds "2"]
[SourceDate "2005.10.20"]

1. d4 Nf6 2. c4 c5 3. d5 e6 4. Nc3 exd5 5. cxd5 d6 6. e4 g6 7. f4 Bg7 8. Nf3
O-O 9. Be2 Re8 10. e5 dxe5 11. fxe5 Ng4 12. Bg5 Qb6 13. O-O Nxe5 14. Nxe5 Bxe5
15. Bc4 Qxb2 16. d6 Rf8 17. Bxf7+ Kg7 18. Bd5 Nd7 19. Rxf8 Nxf8 20. Qe1 Qxc3
21. Bh6+ Kh8 22. Qxc3 Bxc3 23. Rf1 Bd4+ 24. Kh1 Bg7 25. Bxg7+ Kxg7 26. Rf7+ Kg8
27. d7 Bxd7 28. Rxd7+ Kh8 29. Rxb7 Rd8 30. Bf3 Rd7 31. Rb8 Kg7 32. Rc8 Ne6 33.
Rc6 Nd4 34. Rxc5 Nxf3 35. gxf3 Rd1+ 36. Kg2 Rd2+ 37. Kg3 Rxa2 38. Rc7+ Kh6 39.
f4 a6 40. Rc6 a5 41. Rc7 Rb2 42. Ra7 Rb5 43. Kg4 Rf5 44. Rd7 Rc5 45. Ra7 Rh5
46. Kg3 Rb5 47. Kg4 Rc5 48. Ra6 Rc2 49. Rxa5 Rxh2 50. Ra7 Rh5 51. Rb7 Rf5 52.
Rc7 Rb5 53. Ra7 Rf5 54. Rc7 Ra5 1/2-1/2

[Event "MCRE_SF04"]
[Site "?"]
[Date "2005.??.??"]
[Round "?"]
[White "Hrdy, Roman"]
[Black "Blecha, Miroslav"]
[Result "1/2-1/2"]
[WhiteElo "2224"]
[BlackElo "2200"]
[PlyCount "73"]
[EventDate "2005.??.??"]
[EventType "corr"]
[EventRounds "2"]
[SourceDate "2005.10.20"]

1. e4 c5 2. Nf3 e6 3. Nc3 a6 4. d4 cxd4 5. Nxd4 b5 6. Bd3 Qb6 7. Nf3 d6 8. a4
b4 9. a5 Qb7 10. Na4 Nd7 11. O-O Ngf6 12. Qe2 Be7 13. c3 bxc3 14. bxc3 O-O 15.
Be3 e5 16. Rfb1 Qc6 17. Nd2 Rd8 18. c4 Nc5 19. Nc3 Re8 20. Rb6 Qd7 21. Nd5 Bd8
22. Nxf6+ Bxf6 23. Nb3 Nxd3 24. Qxd3 Rd8 25. Qd5 Ra7 26. Nd2 Rc7 27. Rab1 Be7
28. Rb8 Rf8 29. h3 h6 30. R1b6 Rd8 31. Rb3 Rf8 32. Kh2 Qa4 33. R3b6 Kh7 34. f4
Be6 35. Qa8 Bc8 36. Qd5 Be6 37. Qa8 1/2-1/2

[Event "MCRE_SF04"]
[Site "?"]
[Date "2005.??.??"]
[Round "?"]
[White "Hrdy, Roman"]
[Black "Splichal, Josef"]
[Result "1-0"]
[WhiteElo "2224"]
[BlackElo "2261"]
[PlyCount "106"]
[EventDate "2005.??.??"]
[EventType "corr"]
[EventRounds "2"]
[SourceDate "2005.10.20"]

1. d4 Nf6 2. c4 c5 3. d5 e6 4. Nc3 exd5 5. cxd5 d6 6. e4 g6 7. f4 Bg7 8. Bb5+
Nfd7 9. a4 Qe7 10. Nf3 Bxc3+ 11. bxc3 Qxe4+ 12. Kf2 O-O 13. Ng5 Qf5 14. Bd3 Qf6
15. Ne4 Qh4+ 16. g3 Qe7 17. Re1 Nf6 18. c4 Nxe4+ 19. Bxe4 Qf6 20. Rb1 Qc3 21.
Qe2 Nd7 22. Bb2 Qa5 23. Bd3 Qd8 24. Ba1 Nf6 25. Kg1 Ng4 26. h3 Nh6 27. g4 Qh4
28. Kg2 b6 29. Qf2 Qxf2+ 30. Kxf2 Bd7 31. a5 Rfb8 32. Re7 Rb7 33. g5 Nf5 34.
Bxf5 Bxf5 35. Rxb7 Bxb1 36. axb6 axb6 37. Bf6 Bd3 38. Rxb6 Bxc4 39. Rxd6 Kf8
40. Rd7 Rc8 41. d6 Bb5 42. Rb7 Bc6 43. Ra7 Ke8 44. Re7+ Kf8 45. Be5 c4 46. Ke3
c3 47. Kd3 Bb5+ 48. Kc2 Ba4+ 49. Kc1 Rc4 50. Bf6 Rxf4 51. Bxc3 Rc4 52. Kd2 Rc6
53. Bb4 Rc4 1-0

[Event "MCRE_SF04"]
[Site "?"]
[Date "2005.??.??"]
[Round "?"]
[White "Splichal, Josef"]
[Black "Jandovsky, Viktor"]
[Result "1/2-1/2"]
[WhiteElo "2261"]
[BlackElo "2259"]
[PlyCount "83"]
[EventDate "2005.??.??"]
[EventType "corr"]
[EventRounds "2"]
[SourceDate "2005.10.20"]

1. e4 c5 2. b3 Nc6 3. Bb2 d6 4. Nf3 Nf6 5. e5 dxe5 6. Nxe5 Nxe5 7. Bxe5 e6 8.
Qf3 Qd5 9. Qf4 Qe4+ 10. Qxe4 Nxe4 11. Bd3 Nd6 12. Nc3 f6 13. Bg3 Bd7 14. a4 Bc6
15. f3 Be7 16. Nb5 Kd7 17. O-O b6 18. Bf2 g6 19. Rfe1 Rhe8 20. Nc3 a5 21. Rad1
e5 22. Rb1 Bf8 23. Ne4 Nxe4 24. fxe4 Bh6 25. Bc4 Kc7 26. d3 Rad8 27. Be3 Bxe3+
28. Rxe3 Bd7 29. c3 Kd6 30. Rf1 Rf8 31. Ref3 Ke7 32. Kf2 Bg4 33. Rg3 f5 34.
exf5 Rxf5+ 35. Ke1 Rxf1+ 36. Kxf1 Rf8+ 37. Ke1 h5 38. h3 Bf5 39. h4 Bg4 40. Bd5
Rf6 41. Re3 Kd6 42. Be4 1/2-1/2

[Event "MCRE_SF04"]
[Site "?"]
[Date "2005.??.??"]
[Round "?"]
[White "Janocko, Petr"]
[Black "Kohler, Josef"]
[Result "1/2-1/2"]
[WhiteElo "2200"]
[BlackElo "2180"]
[PlyCount "95"]
[EventDate "2005.??.??"]
[EventType "corr"]
[EventRounds "2"]
[SourceDate "2005.10.20"]

1. d4 Nf6 2. c4 e6 3. g3 Bb4+ 4. Bd2 Be7 5. Bg2 d5 6. Nf3 O-O 7. O-O c6 8. Qc2
b6 9. Rd1 Nbd7 10. Nc3 dxc4 11. Rac1 Bb7 12. e4 b5 13. Bf4 Qa5 14. e5 Nd5 15.
Bg5 f6 16. exf6 N7xf6 17. Qe2 Bc8 18. Ne5 Qc7 19. Nxc6 Qxc6 20. Nxd5 exd5 21.
Qxe7 Be6 22. Bxf6 Rxf6 23. Re1 a6 24. Re5 Bf7 25. f4 Rd6 26. a3 Qb6 27. Rd1
Rad8 28. Rf5 R6d7 29. Qe3 b4 30. axb4 Qxb4 31. Rd2 Rb7 32. Re2 Qa4 33. Qc1 Qd7
34. Rfe5 Rdb8 35. Qe1 Qc6 36. Re7 Rxe7 37. Rxe7 h5 38. Qa5 Qf6 39. Re5 Rb5 40.
Qc7 Qg6 41. Re2 Qb1+ 42. Kf2 Rxb2 43. Bxd5 Rxe2+ 44. Kxe2 Qd3+ 45. Ke1 Qc3+ 46.
Ke2 Qc2+ 47. Ke1 Qc1+ 48. Ke2 1/2-1/2

[Event "MCRE_SF04"]
[Site "?"]
[Date "2005.??.??"]
[Round "?"]
[White "Blecha, Miroslav"]
[Black "Splichal, Josef"]
[Result "1/2-1/2"]
[WhiteElo "2200"]
[BlackElo "2261"]
[PlyCount "85"]
[EventDate "2005.??.??"]
[EventType "corr"]
[EventRounds "2"]
[SourceDate "2005.10.20"]

1. e4 e5 2. Nf3 Nc6 3. Bb5 Nf6 4. d3 d6 5. c3 Be7 6. O-O O-O 7. Re1 Bd7 8. Nbd2
a6 9. Ba4 b5 10. Bc2 Rc8 11. Nf1 b4 12. Ba4 Rb8 13. Ne3 Qc8 14. Qc2 bxc3 15.
bxc3 Bd8 16. Bd2 Ne7 17. Bxd7 Qxd7 18. Rab1 Rb5 19. Rb3 c6 20. Ra3 Qb7 21. Nc4
Bc7 22. Bg5 Rb8 23. d4 Ng6 24. dxe5 dxe5 25. Bxf6 gxf6 26. Nfd2 Nf4 27. g3 Nh3+
28. Kg2 Ng5 29. Qd1 Qc8 30. h4 Rb1 31. Qxb1 Rxb1 32. Rxb1 Ne6 33. f3 f5 34.
exf5 Nc5 35. Ne3 Qf8 36. Ndc4 e4 37. f4 Qg7 38. Rd1 f6 39. Kh3 Qf7 40. Rf1 Qh5
41. Rf2 Nd3 42. Rf1 Nc5 43. Rf2 1/2-1/2

[Event "MCRE_SF04"]
[Site "?"]
[Date "2005.??.??"]
[Round "?"]
[White "Kohler, Josef"]
[Black "Koci, Vladimir"]
[Result "1-0"]
[WhiteElo "2180"]
[BlackElo "2255"]
[PlyCount "45"]
[EventDate "2005.??.??"]
[EventType "corr"]
[EventRounds "2"]
[SourceDate "2005.10.20"]

1. c4 Nf6 2. Nf3 e6 3. d4 d5 4. Nc3 c5 5. cxd5 Nxd5 6. e3 cxd4 7. exd4 Bb4 8.
Qc2 Nc6 9. Be2 O-O 10. O-O Qa5 11. Nxd5 Qxd5 12. Rd1 Bd6 13. Ng5 g6 14. Bf3 Nb4
15. Qe2 Qa5 16. Ne4 Be7 17. Nc3 Bf6 18. Bh6 Re8 19. Bf4 Rd8 20. Be5 Be7 21. a3
Nd5 22. Rac1 Bd6 23. Nxd5 1-0

[Event "MCRE_SF04"]
[Site "?"]
[Date "2005.??.??"]
[Round "?"]
[White "Kohler, Josef"]
[Black "Kubikova, Hana"]
[Result "1-0"]
[WhiteElo "2180"]
[BlackElo "2182"]
[PlyCount "71"]
[EventDate "2005.??.??"]
[EventType "corr"]
[EventRounds "2"]
[SourceDate "2005.10.20"]

1. c4 e5 2. Nc3 Nc6 3. g3 g6 4. Bg2 Bg7 5. e4 d6 6. d3 f5 7. Nge2 Nf6 8. O-O
O-O 9. Nd5 Be6 10. Bg5 Qd7 11. Qd2 Nh5 12. exf5 Bxf5 13. Rae1 Rae8 14. b4 Nd8
15. h3 Nf6 16. Bxf6 Bxf6 17. Nxf6+ Rxf6 18. Kh2 c6 19. d4 Rff8 20. f4 exf4 21.
Nxf4 Rxe1 22. Rxe1 g5 23. Nd5 cxd5 24. Qxg5+ Bg6 25. Re7 Qa4 26. Qxd5+ Bf7 27.
Qxd6 Qxa2 28. d5 Bg6 29. Qe5 Nf7 30. Qd4 b6 31. c5 a5 32. d6 axb4 33. c6 b3 34.
d7 b2 35. c7 b1=Q 36. c8=Q 1-0

[Event "MCRE_SF04"]
[Site "?"]
[Date "2005.??.??"]
[Round "?"]
[White "Kubikova, Hana"]
[Black "Blecha, Miroslav"]
[Result "0-1"]
[WhiteElo "2182"]
[BlackElo "2200"]
[PlyCount "68"]
[EventDate "2005.??.??"]
[EventType "corr"]
[EventRounds "2"]
[SourceDate "2005.10.20"]

1. d4 Nf6 2. c4 c5 3. d5 e6 4. Nc3 exd5 5. cxd5 d6 6. e4 g6 7. f4 Bg7 8. Nf3
O-O 9. Be2 Re8 10. e5 dxe5 11. fxe5 Ng4 12. Bg5 Qb6 13. O-O Nxe5 14. d6 Qxb2
15. Nd5 Nxf3+ 16. Bxf3 Bd4+ 17. Kh1 Qxa1 18. Qxa1 Bxa1 19. Rxa1 Re5 20. Ne7+
Kg7 21. Nxc8 Nd7 22. Bxb7 Rb8 23. Bc6 Rxg5 24. Bxd7 c4 25. Nxa7 c3 26. Ba4 Rc5
27. h3 c2 28. Bxc2 Rxc2 29. Rd1 Kf6 30. a4 Ke6 31. Nb5 Kd7 32. Rd4 Rbc8 33. Rd3
Re8 34. Nc3 Re6 0-1

[Event "MCRE_SF04"]
[Site "?"]
[Date "2005.??.??"]
[Round "?"]
[White "Splichal, Josef"]
[Black "Janocko, Petr"]
[Result "1/2-1/2"]
[WhiteElo "2261"]
[BlackElo "2200"]
[PlyCount "79"]
[EventDate "2005.??.??"]
[EventType "corr"]
[EventRounds "2"]
[SourceDate "2005.10.20"]

1. e4 e5 2. Nf3 Nc6 3. d4 exd4 4. Nxd4 Bc5 5. Be3 Qf6 6. c3 Nge7 7. Qf3 Nxd4 8.
Qxf6 Nc2+ 9. Kd2 Bxe3+ 10. fxe3 gxf6 11. Kxc2 d6 12. Nd2 Rg8 13. Rg1 Ng6 14. g4
Ne5 15. h3 Ke7 16. Be2 Be6 17. Nf3 Rg6 18. Nd4 Rag8 19. Nf5+ Bxf5 20. exf5 R6g7
21. Rgd1 h5 22. gxh5 Rg2 23. Rd2 R2g3 24. Bg4 Rxe3 25. Rf1 Rg3 26. Rff2 Rg1 27.
Rg2 Rf1 28. Rdf2 Rh1 29. Rg3 b6 30. Rfg2 d5 31. Rg1 Rh2+ 32. R3g2 Rxg2+ 33.
Rxg2 c5 34. Bf3 Rd8 35. Be2 d4 36. cxd4 cxd4 37. Rg3 Kd6 38. Ra3 Rg8 39. Kc1
Kd5 40. h6 1/2-1/2

[Event "MCRE_SF04"]
[Site "?"]
[Date "2005.??.??"]
[Round "?"]
[White "Blecha, Miroslav"]
[Black "Koci, Vladimir"]
[Result "1-0"]
[WhiteElo "2200"]
[BlackElo "2255"]
[PlyCount "71"]
[EventDate "2005.??.??"]
[EventType "corr"]
[EventRounds "2"]
[SourceDate "2005.10.20"]

1. e4 d5 2. exd5 Nf6 3. d4 Nxd5 4. c4 Nf6 5. Nf3 Bg4 6. Be2 e6 7. O-O Nc6 8.
Be3 Bd6 9. Qb3 Rb8 10. Nc3 O-O 11. Rad1 Re8 12. Rfe1 Bf5 13. Ne5 a6 14. g4 Nxg4
15. Nxg4 Qh4 16. c5 Bxg4 17. cxd6 Bxe2 18. Nxe2 Qg4+ 19. Ng3 cxd6 20. Rc1 d5
21. Qd1 Qh4 22. Kh1 Ne7 23. Qh5 Qxh5 24. Nxh5 Rbc8 25. Rg1 Rxc1 26. Rxc1 Rc8
27. Rxc8+ Nxc8 28. Nf4 Nb6 29. Nd3 Nd7 30. Nc5 Nxc5 31. dxc5 e5 32. b4 d4 33.
Bd2 f5 34. a4 Kf7 35. b5 axb5 36. c6 1-0

[Event "MCRE_SF04"]
[Site "?"]
[Date "2005.??.??"]
[Round "?"]
[White "Jandovsky, Viktor"]
[Black "Kubikova, Hana"]
[Result "1/2-1/2"]
[WhiteElo "2259"]
[BlackElo "2182"]
[PlyCount "71"]
[EventDate "2005.??.??"]
[EventType "corr"]
[EventRounds "2"]
[SourceDate "2005.10.20"]

1. e4 c5 2. Nf3 Nc6 3. d4 cxd4 4. Nxd4 Nf6 5. Nc3 e5 6. Ndb5 d6 7. Bg5 a6 8.
Na3 b5 9. Bxf6 gxf6 10. Nd5 Bg7 11. c3 f5 12. exf5 Bxf5 13. Nc2 O-O 14. Nce3
Be6 15. Bd3 f5 16. O-O Ra7 17. Qh5 Raf7 18. a4 Ne7 19. Nxe7+ Qxe7 20. axb5 e4
21. Bb1 axb5 22. Rd1 b4 23. cxb4 Bxb2 24. Ra6 Be5 25. Ba2 Bxa2 26. Rxa2 Qe6 27.
Nd5 f4 28. b5 Kh8 29. Ra4 e3 30. Qf3 Rg8 31. Kh1 e2 32. Re1 Rfg7 33. Nxf4 Bxf4
34. Rxf4 Rxg2 35. Re4 Rxf2 36. R4xe2 1/2-1/2

[Event "MCRE_SF04"]
[Site "?"]
[Date "2005.??.??"]
[Round "?"]
[White "Koci, Vladimir"]
[Black "Hrdy, Roman"]
[Result "1/2-1/2"]
[WhiteElo "2255"]
[BlackElo "2224"]
[PlyCount "64"]
[EventDate "2005.??.??"]
[EventType "corr"]
[EventRounds "2"]
[SourceDate "2005.10.20"]

1. d4 f5 2. Nf3 Nf6 3. Bf4 e6 4. e3 d5 5. Nbd2 Be7 6. c4 O-O 7. Rc1 c6 8. Bd3
Ne4 9. Ne5 Qa5 10. Bxe4 fxe4 11. a3 Nd7 12. O-O Qb6 13. b4 Nxe5 14. Bxe5 a5 15.
c5 Qb5 16. a4 Qd3 17. Rb1 axb4 18. Rxb4 Qa3 19. Qb3 Qxb3 20. Nxb3 Bg5 21. a5
Ra6 22. Ra1 Rf7 23. Rb6 Kf8 24. Nd2 Ke8 25. Rxa6 bxa6 26. Rb1 Bd8 27. Rb8 Kd7
28. Nb3 h5 29. Kf1 g5 30. h3 g4 31. hxg4 hxg4 32. Kg1 Rh7 1/2-1/2

[Event "MCRE_SF04"]
[Site "?"]
[Date "2005.??.??"]
[Round "?"]
[White "Kohler, Josef"]
[Black "Splichal, Josef"]
[Result "1-0"]
[WhiteElo "2180"]
[BlackElo "2261"]
[PlyCount "97"]
[EventDate "2005.??.??"]
[EventType "corr"]
[EventRounds "2"]
[SourceDate "2005.10.20"]

1. c4 e5 2. Nc3 Nf6 3. Nf3 Nc6 4. g3 Bb4 5. Bg2 O-O 6. O-O d6 7. Nd5 Bc5 8. e3
Bg4 9. h3 Bh5 10. d3 a6 11. Qc2 Bg6 12. a3 Nxd5 13. cxd5 Ne7 14. Nh4 Qd7 15.
Nxg6 fxg6 16. Bd2 Rf7 17. Qc4 Raf8 18. a4 Ba7 19. Rac1 Nf5 20. a5 Qd8 21. Qb4
Qc8 22. Qg4 Qd8 23. Qa4 Kh8 24. Qb4 Qc8 25. Qc4 Qd8 26. Rb1 Kg8 27. b4 Qg5 28.
b5 axb5 29. Qg4 Qf6 30. Qb4 Rb8 31. Qxb5 Qd8 32. Qa4 Bc5 33. Rb2 Qc8 34. Rfb1
Rf8 35. Bc3 Kh8 36. Rb5 Ba7 37. Qb4 b6 38. Qa4 Qa6 39. R1b2 Ra8 40. Ra2 Rae8
41. Qc4 Qb7 42. a6 Qc8 43. e4 Nh6 44. Rbb2 Nf7 45. Rc2 Ng5 46. Kh2 Nf3+ 47.
Bxf3 Rxf3 48. Qc6 Kg8 49. Qb7 1-0

[Event "MCRE_SF04"]
[Site "?"]
[Date "2005.??.??"]
[Round "?"]
[White "Jandovsky, Viktor"]
[Black "Splichal, Josef"]
[Result "1-0"]
[WhiteElo "2259"]
[BlackElo "2261"]
[PlyCount "95"]
[EventDate "2005.??.??"]
[EventType "corr"]
[EventRounds "2"]
[SourceDate "2005.10.20"]

1. e4 e5 2. Nf3 Nc6 3. Bb5 Nf6 4. O-O Nxe4 5. d4 Nd6 6. Bxc6 dxc6 7. dxe5 Nf5
8. Qxd8+ Kxd8 9. Nc3 Bd7 10. h3 h6 11. b3 Kc8 12. Bb2 Be7 13. Rad1 Rd8 14. Ne4
b6 15. g4 Nh4 16. Nxh4 Bxh4 17. f4 Kb7 18. f5 c5 19. Rd2 Bb5 20. Rfd1 Rxd2 21.
Rxd2 g6 22. fxg6 fxg6 23. c4 Bc6 24. Nf6 Rf8 25. Rd3 a5 26. a4 h5 27. Bc3 Kc8
28. Kh2 hxg4 29. hxg4 Bf2 30. Rh3 Rd8 31. e6 Rd1 32. Nd5 Bd4 33. Rf3 Rc1 34.
Rf8+ Kb7 35. e7 Bxc3 36. e8=Q Bxe8 37. Rxe8 Re1 38. Rxe1 Bxe1 39. Kg2 Kc6 40.
Ne7+ Kd6 41. Nxg6 Bd2 42. Kf3 Ke6 43. Ke4 Kf6 44. Nf4 c6 45. Nh3 Bc3 46. g5+
Kg6 47. Kf4 Bd4 48. Kg4 1-0

[Event "MCRE_SF04"]
[Site "?"]
[Date "2005.??.??"]
[Round "?"]
[White "Janocko, Petr"]
[Black "Kubikova, Hana"]
[Result "1/2-1/2"]
[WhiteElo "2200"]
[BlackElo "2182"]
[PlyCount "82"]
[EventDate "2005.??.??"]
[EventType "corr"]
[EventRounds "2"]
[SourceDate "2005.10.20"]

1. d4 Nf6 2. c4 g6 3. Nc3 d5 4. cxd5 Nxd5 5. e4 Nxc3 6. bxc3 Bg7 7. Nf3 c5 8.
Rb1 O-O 9. Be2 b6 10. O-O Bb7 11. Qd3 e6 12. Bg5 Qc7 13. d5 exd5 14. exd5 Nd7
15. c4 Rfe8 16. Rfe1 Ne5 17. Qb3 Bc8 18. Rbd1 Qd6 19. Bf4 Bf5 20. Nh4 Bd7 21.
Qg3 Re7 22. Bf1 Rae8 23. Re3 h6 24. Nf3 Bf5 25. Rde1 Nxf3+ 26. Qxf3 Qd7 27.
Rxe7 Rxe7 28. Rxe7 Qxe7 29. Qe3 Qf8 30. Qd2 Kh7 31. Bd3 Bxd3 32. Qxd3 Qe7 33.
Kf1 Qf6 34. Bc1 Qa1 35. Qd2 Bc3 36. Qc2 Bf6 37. g3 Bg5 38. f4 Bf6 39. Ke2 a6
40. a4 Kg7 41. Kf3 Kg8 1/2-1/2